000 02567njm a2200433Ia 4500
001 72895
003 IT-RoPAU
005 20220918181120.0
008 131025s9999 xx 000 0 und d
040 _aIT-RoPAU
040 _cIT-RoPAU
041 _aPOLACCO
999 _c99739
_d99739
999 _bn.d.
100 _aAA.VV.
_9794
100 _eAutore musica
_924571
100 _gCodice autore musica SPICS: 12000
_9796
245 _aAleja Gwiazd (Lp Sx 2523)
250 _a1a ed.
260 _aPOLONIA
260 _bMUZA
_c1987 [1a Ed.:1987 - Ed. Lingua Orig.: 1987]
300 _aDISCO
500 _aMusica polacca. I viali delle stelle
505 _aAleja Gwiazd (I viali delle stelle) - Dziwny Kraj (Strano paese) - Nim Wexizmierz Mnie W Ramiona (Prima di abbracciarmi) - Milosc I Gniew (L'amore e la rabbia) - Swiat Jest Hojny (Il mondo è generoso) - Czlowiek Nie Jest Sam (Nessun uomo è solo) - Moje Sentymenty (I miei sentimenti) - W Kolorze Krwi (Nel colore di sangue) - Letnia Milosc (Amore estivo) - Cinema
650 _aMUSICA POLACCA [DISCHI]
_eCodice MATERIA SPICS: 9950
_924572
700 _aSosnicka Zdzislawa
_gCodice interprete SPICS: 25217
_eInterprete
_924573
700 _aLipko Romuald
_gCodice autore musica SPICS: 25063
_eAutore musica
_pAleja Gwiazd
_924574
700 _aDutkiewicz M.
_gCodice autore SPICS: 25181
_eAutore
_pAleja Gwiazd - W Kolorze Krwi
_924575
700 _aTrzcinski W.
_gCodice autore musica SPICS: 23061
_eAutore musica
_pDziwny Kraj
_924576
700 _aCygan Jacek
_gCodice autore SPICS: 21358
_eAutore
_pDziwny Kraj - Nim Wexizmierz Mnie W Ramiona - Milosc I Gniew - Swiat Jest Hojny - Czlowiek Nie Jest Sam - Moje Sentymenty - Letnia Milosc - Cinema
_924577
700 _aStefankiewicz M.
_gCodice autore musica SPICS: 25054
_eAutore musica
_pNim Wexizmierz Mnie W Ramiona
_924578
700 _aMaliszewski Aleksander
_gCodice autore musica SPICS: 23058
_eAutore musica
_pMilosc I Gniew
_924579
700 _aHudaszek R.
_gCodice autore musica SPICS: 25055
_eAutore musica
_pSwiat Jest Hojny
_924580
700 _aTrzcinski W.
_gCodice autore musica SPICS: 23061
_eAutore musica
_pCzlowiek Nie Jest Sam
_924581
700 _aDebski Krzesimir
_gCodice autore musica SPICS: 21359
_eAutore musica
_pMoje Sentymenty
_924582
700 _aLipko Romuald
_gCodice autore musica SPICS: 25063
_eAutore musica
_pW Kolorze Krwi
_924583
700 _aKrajewski Seweryn
_gCodice autore musica SPICS: 23056
_eAutore musica
_pLetnia Milosc
_924584
700 _aSygitowicz R.
_gCodice autore musica SPICS: 25056
_eAutore musica
_pCinema
_924585
942 _cMD
_2ddc